[Event "Senta op-A 10th"]
[Site "Senta"]
[Date "2006.07.23"]
[Round "4"]
[White "Petrovic, Vladimir"]
[Black "Popovic, Nenad"]
[Result "0-1"]
[WhiteElo "2180"]
[BlackElo "2212"]
[PlyCount "74"]
[EventDate "2006.07.21"]
[EventType "swiss"]
[EventRounds "9"]
[EventCountry "YUG"]
[SourceTitle "CBM 113 Extra"]
[Source "ChessBase"]
[SourceDate "2006.09.14"]
[SourceVersion "1"]
[SourceVersionDate "2006.09.14"]
[SourceQuality "1"]

1. e4 c6 2. d4 d5 3. e5 Bf5 4. g4 Be4 5. f3 Bg6 6. h4 h5 7. g5 e6 8. Ne2 Ne7 9. Nf4 Bf5 10. Bd3 g6 11. Nc3 Qb6 12. Nce2 Bxd3 13. Qxd3 Nf5 14. c3 c5 15. Bd2 Nc6 16. 0-0-0 cxd4 17. cxd4 Nfxd4 18. Bc3 Nf5 19. Nxd5 exd5 20. e6 d4 21. exf7+ Kxf7 22. Qc4+ Kg7 23. Nxd4 Ncxd4 24. Rxd4 Kh7 25. Qf7+ Bg7 26. Rd7 Rhg8 27. Re1 Raf8 28. Qd5 Rd8 29. Qxb7 Rxd7 30. Qxd7 Rd8 31. Qf7 Qd6 32. Qxa7 Qf4+ 33. Kc2 Qxf3 34. Qc7 Qd3+ 35. Kc1 Rd7 36. Qc5 Nd4 37. Bxd4 Rxd4 0-1

[Event "Senta op-A 10th"]
[Site "Senta"]
[Date "2006.07.22"]
[Round "3"]
[White "Nestorovic, Nikola"]
[Black "Petrovic, Vladimir"]
[Result "1/2-1/2"]
[WhiteElo "2353"]
[BlackElo "2180"]
[PlyCount "140"]
[EventDate "2006.07.21"]
[EventType "swiss"]
[EventRounds "9"]
[EventCountry "YUG"]
[SourceTitle "CBM 113 Extra"]
[Source "ChessBase"]
[SourceDate "2006.09.14"]
[SourceVersion "1"]
[SourceVersionDate "2006.09.14"]
[SourceQuality "1"]

1. e4 e5 2. Nf3 Nc6 3. Nc3 Nf6 4. d4 exd4 5. Nxd4 Bb4 6. Nxc6 bxc6 7. Bd3 d5 8. exd5 Qe7+ 9. Qe2 Qxe2+ 10. Bxe2 Nxd5 11. Bd2 0-0 12. Nxd5 Bxd2+ 13. Kxd2 Rd8 14. Bf3 cxd5 15. Rhe1 Be6 16. Re3 Rab8 17. Rb3 d4 18. Rxb8 Rxb8 19. b3 f6 20. Re1 Kf7 21. Re4 c5 22. Rh4 h6 23. g4 Ke7 24. Rh5 Kd6 25. Be2 a5 26. a4 Rb4 27. h3 Bf7 28. Rf5 Be6 29. Rf4 Ke5 30. Rf3 c4 31. Bxc4 Bxc4 32. Rf5+ Ke6 33. bxc4 Rxa4 34. Kd3 Ra3+ 35. Kxd4 g6 36. Rb5 Rxh3 37. Rb6+ Ke7 38. Kd5 Rf3 39. Rb7+ Kd8 40. Kd6 Kc8 41. Rh7 Rxf2 42. Kc6 Kd8 43. Rxh6 Rxc2 44. c5 a4 45. Rxg6 Ke7 46. Rg7+ Ke6 47. Rg8 a3 48. Re8+ Kf7 49. Ra8 a2 50. Kd6 Rd2+ 51. Kc7 Ke6 52. c6 Rc2 53. Ra5 Ke7 54. Ra3 Ke6 55. Ra5 Ke7 56. Ra6 Ke6 57. Kd8 Rd2+ 58. Kc8 Ke7 59. c7 Re2 60. Ra3 Kd6 61. Rd3+ Ke7 62. Rd1 Rb2 63. Re1+ Kf7 64. Kd7 Rd2+ 65. Kc6 Rc2+ 66. Kd7 Rd2+ 67. Kc8 Rb2 68. Ra1 Ke7 69. Re1+ Kf7 70. Ra1 Ke7 1/2-1/2

[Event "Novi Sad op"]
[Site "Novi Sad"]
[Date "1988.??.??"]
[Round "2"]
[White "Petrovic, Vladimir"]
[Black "Indjic, Dusan"]
[Result "1-0"]
[WhiteElo "2350"]
[BlackElo "2375"]
[PlyCount "65"]
[EventDate "1988.07.01"]
[EventType "swiss"]
[EventRounds "11"]
[EventCountry "YUG"]
[SourceTitle "EXT 1997"]
[Source "ChessBase"]
[SourceDate "1996.11.15"]
[SourceVersion "1"]
[SourceVersionDate "1996.11.15"]
[SourceQuality "1"]

1. d4 Nf6 2. c4 c5 3. d5 g6 4. Nc3 d6 5. e4 Bg7 6. f4 0-0 7. Nf3 a6 8. a4 e6 9. Bd3 exd5 10. cxd5 Re8 11. 0-0 c4 12. Bb1 Bg4 13. h3 Bxf3 14. Qxf3 Nbd7 15. Be3 Qa5 16. Bc2 Qb4 17. Rfb1 Nc5 18. a5 Nfd7 19. Ra3 Bxc3 20. Rxc3 Qxa5 21. Rxc4 b5 22. b4 Qa2 23. Rc3 Na4 24. Rc6 Rac8 25. Rc1 Rxc6 26. dxc6 Nf8 27. f5 Rc8 28. Bxa4 bxa4 29. Qf1 Qb3 30. Bh6 Qxb4 31. Qxa6 Qd4+ 32. Kh1 Rc7 33. Qa8 1-0